| 000 | 00667nam a22001937a 4500 | ||
|---|---|---|---|
| 003 | BD-DhUL | ||
| 005 | 20210128141539.0 | ||
| 008 | 1603b s1993 xxu||||| |||| 00| 0 eng d | ||
| 022 | _a03416151 | ||
| 040 |
_cBD-DhUL _dBD-DhUL _dBD-DhUL |
||
| 082 |
_a340 _bLAW |
||
| 110 | 2 | _aNumerous members of german universities | |
| 245 |
_aLaw and state : _ba biannual collection of recent German contributions to these fields, vol. 47/ _cNumerous members of german universities |
||
| 260 |
_aGermany: _bInstitut Fur Wissenschaftliche Zzusammenarbeit , _cC1993. |
||
| 300 |
_a118 p.; _c24cm |
||
| 504 | _aIncludes bibliographycal references | ||
| 650 | 0 | _aLaw | |
| 942 |
_2ddc _cBK |
||
| 999 |
_c253429 _d253429 |
||